El programa social agropecuario 1993-1998 : 5 años de política social con pequeños minifundistas.

Guardado en:
Autor Corporativo: Ministerio de Economía y Obras y Servicios Públicos. Secretaría de Agricultura, Ganadería, Pesca y Alimentación. Programa Social Agropecuario.
Formato: Libro
Idioma:Spanish
Publicado: Buenos Aires. : Secretaría de Agricultura, Ganadería, Pesca y Alimentación, 1998?
Etiquetas: Agregar Etiqueta
Sin Etiquetas, Sea el primero en etiquetar este registro!
LEADER 00697nam a22001455a 4500
001 EEA.libagro006196
005 20161014125404.0
008 130809s1998####ag#a##########000#0#spa#d
082 0 4 |a 305.5550982 
082 0 4 |a 361.25 
245 1 3 |a El programa social agropecuario 1993-1998 :  |b 5 años de política social con pequeños minifundistas. 
260 |a Buenos Aires. :  |b Secretaría de Agricultura, Ganadería, Pesca y Alimentación,  |c 1998? 
300 |a 104 p. :  |b il. ;  |c 30 cm. 
710 2 |a Ministerio de Economía y Obras y Servicios Públicos.  |b Secretaría de Agricultura, Ganadería, Pesca y Alimentación.  |b Programa Social Agropecuario. 
859 |a AR-BbBCA  |b BIB. AGRONOMIA  |h 305.5550982  |i A691  |p 1999/3557